| 000 | 00607cam a2200205u 4500 | ||
|---|---|---|---|
| 999 |
_c1614 _d1614 |
||
| 001 | 11741 | ||
| 003 | BD-DhUAP | ||
| 005 | 20220719185723.0 | ||
| 008 | 200210s2007 ii 001 0 eng | ||
| 040 |
_aDLC _cCarP _dBD-DhUAP _bEng |
||
| 082 |
_223 _a346.540438 JHA |
||
| 100 | _aJhabvala, Noshirvan H. | ||
| 245 |
_aDrafting, pleading, conveyancing & professional ethics / _cNoshirvan H. Jhabvala. |
||
| 250 | _a13th rev. ed. | ||
| 260 |
_aMumbai : _bC. Jamnadas & co., _cc2007. |
||
| 300 |
_a360 pages ; _c25 cm. |
||
| 650 | 0 |
_aConveyancing _zIndia. |
|
| 650 | 0 |
_aLegal Drafting _z India. |
|
| 942 |
_2ddc _cBK |
||